000 00372nam a2200133Ia 4500
008 220216s9999 xx 000 0 und d
100 _aTirrell Matthew
245 0 _aPolymer self-diffusion in entangled systems (1984 reviews)
260 _bRubber Chemistry and Technology
_c1984
300 _a523-556
650 _a1984 reviews
650 _aSelf-diffusion
942 _cJS
999 _c65267
_d65267